000 01014ngm a22003730a 4500
001 PT58242
003 AR-LpoUNG
005 20210202000121.0
007 vd cvaizq
008 191001s2008||||ag |||||||||||||||||eng d
037 _c$5
040 _aAR-LpoUNG
_bspa
_cAR-LpoUNG
_eaacr
041 _aeng
_apor
_aspa
044 _aag
082 0 _a946.081 879dob
100 1 _aWood, Sam
_edir.
245 1 0 _aPor quién doblan las campanas = for whom the bell tolls
260 _aBuenos Aires :
_bAVH,
_c2008.
300 _aDVD (158 min) : son., col.
505 0 _aGuión: Dudley Nichols. Protagonistas: Gary Cooper, Ingrid Bergman
650 4 _aCOMUNISMO
650 4 _aCONFLICTOS SOCIALES
650 4 _aDICTADURA
650 4 _aESPAÑA
650 4 _aGUERRA
650 4 _aGUERRA CIVIL
650 4 _aLUCHA DE CLASES
650 4 _aNACIONALISMO
650 4 _aRELACIONES HUMANAS
651 4 _aDOCUMENTOS TEORICOS O METODOLOGICOS
653 _aHEMINGWAY, ERNEST
905 _a58242
942 _cDVD
999 _c54150
_d54150